[Event "St Petersburg Korchnoi Memorial op"]
[Site "St Petersburg"]
[Date "2023.08.24"]
[Round "9"]
[White "Shimanskaia, Tatiana"]
[Black "Garmash, Elizaveta"]
[Result "1-0"]
[WhiteElo "1531"]
[BlackElo "1352"]
[PlyCount "81"]
[EventDate "2023.08.18"]
[EventType "swiss"]
[EventRounds "9"]
[EventCountry "RUS"]
[SourceTitle "EXT 2024"]
[Source "ChessBase"]
[SourceDate "2023.10.10"]
[SourceVersion "1"]
[SourceVersionDate "2023.10.10"]
[SourceQuality "1"]

1. e4 c5 2. Nf3 d6 3. d4 cxd4 4. Nxd4 Nf6 5. Nc3 a6 6. Be3 e5 7. Nb3 Be6 8. Qd2 Nbd7 9. 0-0-0 Rc8 10. f4 Qc7 11. f5 Bc4 12. h3 h5 13. g3 b5 14. Bg2 b4 15. Nd5 Nxd5 16. exd5 a5 17. Kb1 a4 18. Nc1 Qb7 19. g4 hxg4 20. hxg4 Rxh1 21. Bxh1 b3 22. cxb3 axb3 23. a3 Nc5 24. Qh2 Qb5 25. f6 gxf6 26. Qh8 Nd3 27. Bh6 Ke7 28. g5 Nxc1 29. Qxf6+ Ke8 30. Bxf8 Bd3+ 31. Ka1 Kxf8 32. Qh8+ Ke7 33. Qxc8 Ne2 34. Qc7+ Kf8 35. Qxd6+ Kg8 36. Qxe5 Bc2 37. Re1 Bd3 38. Be4 Qa5 39. Rh1 f6 40. Qe8+ Kg7 41. Rh7# 1-0

[Event "St Petersburg Korchnoi Memorial op"]
[Site "St Petersburg"]
[Date "2023.08.22"]
[Round "7"]
[White "Shimanskaia, Tatiana"]
[Black "Murzakanov, Altynbek"]
[Result "1-0"]
[WhiteElo "1531"]
[BlackElo "1361"]
[PlyCount "43"]
[EventDate "2023.08.18"]
[EventType "swiss"]
[EventRounds "9"]
[EventCountry "RUS"]
[SourceTitle "EXT 2024"]
[Source "ChessBase"]
[SourceDate "2023.10.10"]
[SourceVersion "1"]
[SourceVersionDate "2023.10.10"]
[SourceQuality "1"]

1. e4 g6 2. d4 Bg7 3. Nc3 d6 4. Be3 f5 5. f3 Nc6 6. Qd2 e5 7. dxe5 Nxe5 8. 0-0-0 Nf6 9. Bd4 Nf7 10. exf5 Bxf5 11. Re1+ Kf8 12. Bc4 Bh6 13. Be3 Bxe3 14. Qxe3 Ne5 15. Qh6+ Ke8 16. f4 Nfg4 17. Qg7 Rf8 18. fxe5 Qg5+ 19. Kb1 Qd2 20. Nf3 Qxc2+ 21. Ka1 dxe5 22. Nxe5 1-0

[Event "St Petersburg Korchnoi Memorial op"]
[Site "St Petersburg"]
[Date "2023.08.21"]
[Round "5"]
[White "Shimanskaia, Tatiana"]
[Black "Lapin, Artem"]
[Result "0-1"]
[WhiteElo "1531"]
[BlackElo "1802"]
[PlyCount "118"]
[EventDate "2023.08.18"]
[EventType "swiss"]
[EventRounds "9"]
[EventCountry "RUS"]
[SourceTitle "EXT 2024"]
[Source "ChessBase"]
[SourceDate "2023.10.10"]
[SourceVersion "1"]
[SourceVersionDate "2023.10.10"]
[SourceQuality "1"]

1. e4 c5 2. Nf3 d6 3. d4 cxd4 4. Nxd4 Nf6 5. Nc3 g6 6. Be3 Bg7 7. f3 Nc6 8. Qd2 Be6 9. 0-0-0 Rc8 10. Kb1 a6 11. g4 Na5 12. e5 Nd5 13. Nxd5 Bxd5 14. exd6 exd6 15. Bg5 Qb6 16. Qe3+ Be5 17. Bf6 0-0 18. Bxe5 dxe5 19. Qxe5 Qc5 20. Qf4 Rfd8 21. Be2 Nc4 22. Bxc4 Qxc4 23. b3 Qb4 24. Qf6 Rd6 25. Qe5 f6 26. Qe3 Bf7 27. Rd3 b5 28. h4 Qc5 29. h5 Re8 30. Qf4 Qe5 31. Qxe5 fxe5 32. Ne2 Rxd3 33. cxd3 Bd5 34. Rf1 Rf8 35. hxg6 hxg6 36. f4 Be6 37. g5 Bg4 38. Rf2 Rf5 39. Rg2 Bf3 40. Rf2 Bxe2 41. Rxe2 exf4 42. Rf2 Kf7 43. Kc2 Ke6 44. d4 Kd5 45. Kd3 b4 46. Rc2 f3 47. Rf2 Rxg5 48. Rxf3 Rg4 49. Rf6 Rg3+ 50. Ke2 Kxd4 51. Kf2 Rh3 52. Rxa6 Kc3 53. Kg2 Rd3 54. Rc6+ Kb2 55. Rc4 Ka3 56. Rg4 Rd2+ 57. Kf3 Kxa2 58. Rxg6 Kxb3 59. Rb6 Kc3 0-1

[Event "St Petersburg Korchnoi Memorial op"]
[Site "St Petersburg"]
[Date "2023.08.20"]
[Round "4"]
[White "Pankova, Julia"]
[Black "Shimanskaia, Tatiana"]
[Result "0-1"]
[WhiteElo "1826"]
[BlackElo "1531"]
[PlyCount "84"]
[EventDate "2023.08.18"]
[EventType "swiss"]
[EventRounds "9"]
[EventCountry "RUS"]
[SourceTitle "EXT 2024"]
[Source "ChessBase"]
[SourceDate "2023.10.10"]
[SourceVersion "1"]
[SourceVersionDate "2023.10.10"]
[SourceQuality "1"]

1. e4 c5 2. Nc3 d6 3. d4 cxd4 4. Qxd4 Nc6 5. Qd2 Nf6 6. b3 a6 7. Bb2 b5 8. 0-0-0 Bb7 9. f3 h5 10. Kb1 e6 11. Nge2 Be7 12. h4 Nd7 13. Ng3 Qb6 14. Nce2 Bf6 15. Nf4 Bxb2 16. Kxb2 Nf6 17. Be2 0-0-0 18. c4 b4 19. Nf1 Kb8 20. Qe3 Qa5 21. Kb1 Rhe8 22. Qc1 d5 23. cxd5 exd5 24. Nd2 Nd4 25. Rhe1 dxe4 26. Nc4 Qc5 27. Qb2 exf3 28. gxf3 Nxe2 29. Rxd8+ Rxd8 30. Nxe2 Bxf3 31. Ne5 Be4+ 32. Ka1 Qd5 33. Nc4 Bf3 34. Qc2 Ne4 35. Nf4 Qd4+ 36. Nb2 Rc8 37. Qh2 Ka8 38. Qh3 Qc3 39. Rb1 Nd2 40. Nfd3 Be4 41. Qd7 Nxb1 42. Nxb4 Na3 0-1

[Event "Wch U12 Girls blitz"]
[Site "Batumi"]
[Date "2023.06.11"]
[Round "9"]
[White "Ashotia, Barbare"]
[Black "Shimanskaia, Tatiana"]
[Result "0-1"]
[WhiteElo "1420"]
[BlackElo "1418"]
[PlyCount "116"]
[EventDate "2023.06.10"]
[EventType "swiss (blitz)"]
[EventRounds "11"]
[EventCountry "GEO"]
[SourceTitle "EXT 2024"]
[Source "ChessBase"]
[SourceDate "2023.10.10"]
[SourceVersion "1"]
[SourceVersionDate "2023.10.10"]
[SourceQuality "1"]
[WhiteTeam "Georgia"]
[BlackTeam "Russia"]
[WhiteTeamCountry "GEO"]
[BlackTeamCountry "RUS"]

1. e4 c5 2. Nf3 d6 3. Bb5+ Bd7 4. Bxd7+ Qxd7 5. c4 Nc6 6. Nc3 Nf6 7. d3 g6 8. h3 Bg7 9. Be3 Rc8 10. 0-0 0-0 11. Rc1 e6 12. b3 b6 13. d4 Rcd8 14. Qd2 Qc8 15. Rfd1 Nd7 16. d5 exd5 17. Nxd5 Nde5 18. Nxe5 dxe5 19. Bh6 Qe6 20. Bxg7 Kxg7 21. Qg5 Nd4 22. Kh1 h6 23. Qe3 Kh7 24. Rf1 f5 25. exf5 gxf5 26. Rfe1 Rfe8 27. Nc7 Qf6 28. Nxe8 Rxe8 29. Rc3 e4 30. Qc1 Rg8 31. Rg3 Rxg3 32. fxg3 Qg6 33. Kh2 Qd6 34. Qf4 Qxf4 35. gxf4 Kg6 36. g4 Nf3+ 37. Kg3 Nxe1 38. Kf2 Nd3+ 39. Ke3 h5 40. g5 h4 41. Kd2 Nxf4 42. Ke3 Kxg5 43. a3 Nxh3 44. b4 f4+ 45. Kxe4 Nf2+ 46. Kf3 Nd3 47. bxc5 bxc5 48. Ke4 Nc1 49. Kd5 Nb3 50. Ke4 Kg4 51. a4 h3 52. Kd5 h2 53. Kc6 h1Q+ 54. Kd7 Qb7+ 55. Kd6 f3 56. Ke5 f2 57. Ke6 f1Q 58. Kd6 Qf6# 0-1

[Event "Wch U12 Girls blitz"]
[Site "Batumi"]
[Date "2023.06.11"]
[Round "10"]
[White "Shimanskaia, Tatiana"]
[Black "Akbari, Rosha"]
[Result "0-1"]
[WhiteElo "1418"]
[BlackElo "1696"]
[PlyCount "44"]
[EventDate "2023.06.10"]
[EventType "swiss (blitz)"]
[EventRounds "11"]
[EventCountry "GEO"]
[SourceTitle "EXT 2024"]
[Source "ChessBase"]
[SourceDate "2023.10.10"]
[SourceVersion "1"]
[SourceVersionDate "2023.10.10"]
[SourceQuality "1"]
[WhiteTeam "Russia"]
[BlackTeam "Iran"]
[WhiteTeamCountry "RUS"]
[BlackTeamCountry "IRI"]

1. e4 e5 2. Nf3 Nc6 3. Bb5 a6 4. Ba4 Nf6 5. 0-0 Be7 6. Re1 b5 7. Bb3 0-0 8. h3 Bb7 9. c3 d5 10. exd5 Nxd5 11. Nxe5 Nxe5 12. Rxe5 Nf4 13. d4 Nxg2 14. Qg4 Nh4 15. Re3 Bd6 16. Nd2 Kh8 17. Ne4 f5 18. Qh5 fxe4 19. d5 Qf6 20. Qe2 Nf3+ 21. Kg2 Qf4 22. Rxf3 exf3+ 0-1

[Event "Wch U12 Girls rapid"]
[Site "Batumi"]
[Date "2023.06.06"]
[Round "3"]
[White "Shimanskaia, Tatiana"]
[Black "Khikmatkhonova, Mokhinur"]
[Result "0-1"]
[WhiteElo "1412"]
[BlackElo "1254"]
[PlyCount "86"]
[EventDate "2023.06.06"]
[EventType "swiss (rapid)"]
[EventRounds "11"]
[EventCountry "GEO"]
[SourceTitle "EXT 2024"]
[Source "ChessBase"]
[SourceDate "2023.10.10"]
[SourceVersion "1"]
[SourceVersionDate "2023.10.10"]
[SourceQuality "1"]
[WhiteTeam "FIDE"]
[BlackTeam "Uzbekistan"]
[BlackTeamCountry "UZB"]

1. e4 c5 2. Nf3 e6 3. d4 cxd4 4. Nxd4 a6 5. c4 Qc7 6. Nc3 Nf6 7. Qd3 d6 8. Be2 Nbd7 9. 0-0 Be7 10. Be3 0-0 11. f4 b6 12. b4 Bb7 13. Rac1 Rac8 14. f5 Ne5 15. Qb1 Nfg4 16. Bf4 Qd7 17. fxe6 fxe6 18. h3 Nf6 19. Bxe5 dxe5 20. Nf3 Qd6 21. Rfd1 Qxb4 22. Nxe5 Qxb1 23. Rxb1 Nxe4 24. Nxe4 Bxe4 25. Rbc1 Bc5+ 26. Kh1 Bxg2+ 27. Kxg2 Rf2+ 28. Kg3 Rxe2 29. Nd7 Rxa2 30. Rb1 Ra3+ 31. Kg2 Rc6 32. Rf1 h5 33. Rbe1 Rd6 34. Nxc5 bxc5 35. Re5 Rd2+ 36. Kg1 Rg3+ 37. Kh1 Rxh3+ 38. Kg1 Rg3+ 39. Kh1 Rgg2 40. Rc1 h4 41. Rxc5 h3 42. Rh5 Rh2+ 43. Kg1 Rdg2+ 0-1